| 000 | 01124nam a2200337Ia 4500 | ||
|---|---|---|---|
| 003 | OSt | ||
| 005 | 20220912145027.0 | ||
| 006 | a|||||r|||| 00| 0 | ||
| 007 | ta | ||
| 008 | 220909b |||||||| |||| 00| 0 eng d | ||
| 020 | _a9780387782126 (hbd) | ||
| 024 | _a94683 | ||
| 037 | _b2494, 08/02/2010, New India Book Agency | ||
| 037 | _cTextbook | ||
| 040 |
_aCSL _beng _cCSL |
||
| 041 | _aeng | ||
| 082 | _aB2T0b8Bg, P8 TOR | ||
| 100 | _aWierenga Berend Ed. | ||
| 245 | 0 | _aHandbook of marketing decision models | |
| 260 |
_aNew York _bSpringer _c2008 |
||
| 300 |
_ax, 625p. _ccm. |
||
| 490 | _aInternational series in operations research and management science | ||
| 500 | _aIncludes bibliographical references.; Index 593-610p.; Bibliographies 615-625p. | ||
| 650 | _a E-Business | ||
| 650 | _a Electronic commerce | ||
| 650 | _a Enterpreneurship | ||
| 650 | _a Information systems applications | ||
| 650 | _aEconomic-management science | ||
| 942 |
_hB2T0b8Bg, P8 TOR _cTB _2CC |
||
| 999 |
_c21262 _d21262 |
||